000 00410nam a22001577a 4500
008 250320b |||||||| |||| 00| 0 eng d
020 _a9780323825030
050 _aRC78.3
_b.S44
100 _aSherer Mary Alice
245 _aRadiation protection in medical radiography
250 _a9th
260 _aMissouri
_bElsevier
_c2022
300 _axxi,409p
650 _aRadiation monitoring methods
942 _cBK
999 _c2562
_d2562